| 000 | 00803nam a2200205 i 4500 | ||
|---|---|---|---|
| 001 | 97481 | ||
| 003 | ES-MaACL | ||
| 005 | 20250822012743.0 | ||
| 007 | t| | ||
| 008 | 050712s1962 sp ||||1| spa d | ||
| 100 | 1 |
_aMarcozzi, Vittorio. _976549 |
|
| 245 | 1 | 3 |
_aEl hombre en el espacio y en el tiempo _b: (esquemas de Antropología) / _cVittorio Marcozzi; traducción de Don Antonio Alvarez de Linera; revisada y puesta al día por el Dr. Don Miguel Fuste; presentación del Dr. Don Santiago Alcobe. |
| 260 |
_aMadrid : _bStudium, _c1962. |
||
| 300 |
_aXVI, 634 p. : _bil. ; _c22 cm. |
||
| 700 | 1 |
_aÁlvarez de Linera, Antonio, _d1888-1961 _9149717 |
|
| 700 | 1 |
_aFusté Ara, Miguel. _9150522 |
|
| 700 | 1 |
_aAlcobe, Santiago. _919555 |
|
| 852 |
_aES-MaACL _jC-21384 _bR.49872 |
||
| 999 |
_c97481 _d97481 |
||